000
00296nam a22001217a 4500
008
160504b xxu||||| |||| 00| 0 eng d
020
_a
9780761987277
020
_a
0761987274
041
_a
eng
080
_a
61
245
_a
Investigating the social world :
_c
Russell K.. Schutt;
942
_2
udc
_c
BK
999
_c
1759
_d
1759